Normal view
MARC view
Entry Personal Name
001 - CONTROL NUMBER
- control field: 62407
003 - CONTROL NUMBER IDENTIFIER
- control field: dpl
005 - DATE AND TIME OF LATEST TRANSACTION
- control field: 20240222143740.0
008 - FIXED-LENGTH DATA ELEMENTS
- fixed length control field: 240222|| aca||aabn | a|a d
040 ## - CATALOGING SOURCE
- Original cataloging agency: dpl
- Transcribing agency: dpl
100 ## - HEADING--PERSONAL NAME
- Personal name: झा,ज्योति
670 ## - SOURCE DATA FOUND
- Source citation: Work cat.: (dpl)200989: झा,ज्योति , उजाले की दस्तक/, 2021
